000 01692nam a2200361 a 4500
003 BLK
005 20240924100525.0
008 180412b bul|||||r ||||||| ||bul||
010 _aKNG00001685000
020 _a954-404-054-4
040 _aBLK
041 _aBUL
_cBUL
080 _aКласическа гръцка литература. Старогръцка литература
_b821.142
_x-91-34
_z821.142-91-34
080 _aКласически митологии. Религии на Древна Гърция и Рим, етруска религия. Подразделя се като 291
_b292
_z292
100 _aКун, Николай Албертович
_d1877 - 1940
_9243319
139 _aКун, Николай Албертович
_bК 93
245 1 0 _aСтарогръцки легенди и митове
_cНиколай Албертович Кун; прев. от рус. Никола Мънков; предг. от Анатолий Георгиевич Бокшчанин.
250 _a7. изд.
257 _aRUS
260 _aСофия
_bВедрина
_c1994
_fПловдив : Полиграфия
300 _a584 с.
_bс ил.
_c21 см
380 _aDX
500 _a1. изд. 1960 на изд. Наука и изкуство. ; доп. тир. 1996.
700 1 _aМънков, Никола
_eпрев. от рус.
_9243320
700 1 _aБокшчанин, Анатолий Георгиевич
_eпредг. от
_941070
852 _aЦб 176512
_bЦб
856 4 _qpdf
_u
856 4 _qpdf
_u
942 _cKNG
_n0
_03
944 _aCR
_c15.01.2003
_k30560
_lГеновева Генчева
944 _aED
_c15.02.2011
999 _c958
_d958
999 _d958